The Selfish Gene

Na minha lista:
Detalhes bibliográficos
Autor principal: Dawkins, Richard
Formato: Livro
Idioma:Undetermined
Publicado em: Oxford Oxford University Press 1989
Assuntos:
Tags: Adicionar Tag
Sem tags, seja o primeiro a adicionar uma tag!
Thư viện lưu trữ: Trung tâm Học liệu Trường Đại học Cần Thơ
LEADER 00472nam a2200181Ia 4500
001 CTU_79993
008 210402s9999 xx 000 0 und d
082 |a 591.7 
082 |b D271 
100 |a Dawkins, Richard 
245 4 |a The Selfish Gene 
245 0 |c Richard Dawkins 
260 |a Oxford 
260 |b Oxford University Press 
260 |c 1989 
650 |a Genetics,Selfish 
904 |i Trọng Hải 
980 |a Trung tâm Học liệu Trường Đại học Cần Thơ